MARC details
| 000 -CABECERA |
| campo de control de longitud fija |
01443nam a2200337 a 4500 |
| 001 - NÚMERO DE CONTROL |
| campo de control |
000001980 |
| 003 - IDENTIFICADOR DEL NÚMERO DE CONTROL |
| campo de control |
DO-SdBNP |
| 005 - FECHA Y HORA DE LA ÚLTIMA TRANSACCIÓN |
| campo de control |
20250408190001.0 |
| 008 - DATOS DE LONGITUD FIJA--INFORMACIÓN GENERAL |
| campo de control de longitud fija |
090630s2007 dr b 000 0 spa d |
| 020 ## - NÚMERO INTERNACIONAL ESTÁNDAR DEL LIBRO |
| Número Internacional Estándar del Libro |
9945427121 |
| 040 ## - FUENTE DE LA CATALOGACIÓN |
| Centro catalogador/agencia de origen |
DO-SdBNP |
| Lengua de catalogación |
spa |
| Centro/agencia transcriptor |
BNPHU |
| 082 #4 - NÚMERO DE LA CLASIFICACIÓN DECIMAL DEWEY |
| Número de clasificación |
Co864.44 |
| Número de documento/Ítem |
G216zP |
| Número de edición |
22 |
| 100 1# - ENTRADA PRINCIPAL--NOMBRE DE PERSONA |
| Nombre de persona |
Perdomo, Miguel Aníbal, |
| Fechas asociadas al nombre |
1949- |
| 9 (RLIN) |
6428 |
| 245 13 - MENCIÓN DE TÍTULO |
| Título |
La cultura del Caribe en la narrativa de Gabriel García Márquez / |
| Mención de responsabilidad, etc. |
Miquel Aníbal Perdomo ; editor Amado Alexis Santana Chalas. |
| 260 ## - PUBLICACIÓN, DISTRIBUCIÓN, ETC. |
| Lugar de publicación, distribución, etc. |
Santo Domingo : |
| Nombre del editor, distribuidor, etc. |
Secretaría de Estado de Cultura, |
| Fecha de publicación, distribución, etc. |
2007. |
| 300 ## - DESCRIPCIÓN FÍSICA |
| Extensión |
299 p. ; |
| Dimensiones |
23 cm. |
| 490 1# - MENCIÓN DE SERIE |
| Mención de serie |
Premios anuales |
| 500 ## - NOTA GENERAL |
| Nota general |
Presentado originalmente como tesis para obtención de grado de doctorado en Filosofía y Letras en la City University of New York |
| 504 ## - NOTA DE BIBLIOGRAFÍA, ETC. |
| Nota de bibliografía, etc. |
Bibliografía: p. 267-294 |
| 586 ## - NOTA DE PREMIOS |
| Nota de premios |
Premio Nacional de Ensayo Pedro Henríquez Ureña, modalidad Ensayos Literarios, 2006 |
| 590 ## - NOTA LOCAL (RLIN) |
| Nota local |
Inventariado, BT |
| 600 14 - PUNTO DE ACCESO ADICIONAL DE MATERIA--NOMBRE DE PERSONA |
| Nombre de persona |
García Márquez, Gabriel, |
| Fechas asociadas al nombre |
1928- |
| Subdivisión general |
Crítica e interpretación |
| 9 (RLIN) |
6429 |
| 650 #4 - PUNTO DE ACCESO ADICIONAL DE MATERIA--TÉRMINO DE MATERIA |
| Término de materia o nombre geográfico como elemento de entrada |
Literatura latinoamericana |
| Subdivisión general |
Historia y crítica |
| 9 (RLIN) |
5706 |
| 650 #4 - PUNTO DE ACCESO ADICIONAL DE MATERIA--TÉRMINO DE MATERIA |
| Término de materia o nombre geográfico como elemento de entrada |
Literatura caribeña |
| 9 (RLIN) |
41273 |
| 651 #4 - PUNTO DE ACCESO ADICIONAL DE MATERIA--NOMBRE GEOGRÁFICO |
| Nombre geográfico |
Caribe en la literatura |
| 9 (RLIN) |
87394 |
| 700 12 - PUNTO DE ACCESO ADICIONAL--NOMBRE DE PERSONA |
| Nombre de persona |
Santana Chalas, Amado Alexis, |
| Término indicativo de función/relación |
ed. |
| 9 (RLIN) |
854 |
| 710 1# - PUNTO DE ACCESO ADICIONAL--NOMBRE DE ENTIDAD CORPORATIVA |
| Nombre de entidad corporativa o nombre de jurisdicción como elemento de entrada |
República Dominicana. |
| Unidad subordinada |
Secretaría de Estado de Cultura. |
| 9 (RLIN) |
6453 |
| 830 #0 - PUNTO DE ACCESO ADICIONAL DE SERIE-TÍTULO UNIFORME |
| Título uniforme |
Premios anuales |
| 9 (RLIN) |
6431 |
| 910 ## - DATOS DE OPCIÓN DEL USUARIO (OCLC) |
| Datos de opción del usuario |
Validado. Control de calidaed MFF |
| 942 ## - ELEMENTOS DE PUNTO DE ACCESO ADICIONAL (KOHA) |
| Fuente del sistema de clasificación o colocación |
Dewey Decimal Classification |
| Tipo de ítem Koha |
Libro |